Chemical engineering design, vol. 6. -- 2nd ed. (Record no. 78172)

MARC details
000 -LEADER
fixed length control field 01799nam a2200253 a 4500
008 - FIXED-LENGTH DATA ELEMENTS--GENERAL INFORMATION
fixed length control field 120416s1996 ||||||||||||||||| || u
020 ## - INTERNATIONAL STANDARD BOOK NUMBER
International Standard Book Number 0750625570
050 ## - LIBRARY OF CONGRESS CALL NUMBER
Classification number TP 155 Cou
100 ## - MAIN ENTRY--PERSONAL NAME
Personal name Sinnott, R. K
245 10 - TITLE STATEMENT
Title Chemical engineering design, vol. 6. -- 2nd ed.
250 ## - EDITION STATEMENT
Edition statement 2nd ed.
260 ## - PUBLICATION, DISTRIBUTION, ETC.
Place of publication, distribution, etc. Oxford
Name of publisher, distributor, etc. Butterworth-Heinemann
Date of publication, distribution, etc. 1996
300 ## - PHYSICAL DESCRIPTION
Extent xxv, 966p. : ill.
350 ## -
-- 0.00
490 ## -
-- Coulson & Richardson's chemical engineering series, vol. 6
500 ## - GENERAL NOTE
General note Previous editions have title: Chemical engineering. -Edition statements vary. -Includes bibliographical references and indexes. - Contents:v. 1. Fluid flow, heat transfer, and mass transfer (5th ed., 1996) -- v. 1. Fluid flow, heat transfer, and mass transfer (6th ed., 1999) -- v. 5. Solutions to the problems in Chemical engineering, volumes 2 and 3 / by J.R. Backhurst and J.H. Harker (2nd ed., 1997) -- v. 6. Chemical engineering design / R.K. Sinnott (2nd ed., 1996) -- v. 6. Chemical engineering design / R.K. Sinnott (3rd ed., 1999) -- v. 6. Chemical engineering design / R.K. Sinnott (4th ed., 2005)
650 ## - SUBJECT ADDED ENTRY--TOPICAL TERM
Topical term or geographic name entry element CHEMICAL ENGINEERING
650 ## - SUBJECT ADDED ENTRY--TOPICAL TERM
Topical term or geographic name entry element ENGINEERING
700 ## - ADDED ENTRY--PERSONAL NAME
Personal name Coulson, John Metcalfe
995 ## -
-- SHORT LOAN BOOKS
-- 0.00
-- 731114
-- CBU-MAIN LIBRARY (Kitwe)
-- 1
-- 34.25
-- TP 155 Cou
-- 3
-- AVAILABLE
-- 028093
-- Short Loan Collection
995 ## -
-- MAIN LIBRARY OPEN ACCESS
-- 0.00
-- 020953
-- CBU-MAIN LIBRARY (Kitwe)
-- 6
-- 34.25
-- TP 155 Cou
-- 1
-- LOST
-- 020953
-- Main Library Open Access Collection
995 ## -
-- MAIN LIBRARY OPEN ACCESS
-- 0.00
-- 020954
-- CBU-MAIN LIBRARY (Kitwe)
-- 5
-- 34.25
-- TP 155 Cou
-- 2
-- LOST
-- 020954
-- Main Library Open Access Collection
995 ## -
-- BINDERY (DAMAGED)
-- 0.00
-- 728956
-- CBU-MAIN LIBRARY (Kitwe)
-- 2
-- 34.25
-- TP 155 Cou
-- 4
-- AVAILABLE
-- 020959
-- Main Library Open Access Collection
999 ## -
-- 78172
-- 78172
Holdings
Withdrawn status Lost status Source of classification or shelving scheme Damaged status Not for loan Permanent Location Current Location Shelving location Date acquired Total Checkouts Full call number Barcode Date last seen Copy number Price effective from Koha item type
          CBU-MAIN LIBRARY, KITWE. CBU-MAIN LIBRARY, KITWE.   05/03/2023   TP 155 Cou 028093 05/03/2023 1 05/03/2023 SHORT LOAN COLLECTION
          CBU-MAIN LIBRARY, KITWE. CBU-MAIN LIBRARY, KITWE.   05/03/2023   TP 155 Cou 020953 05/03/2023 2 05/03/2023 MONOGRAPH
          CBU-MAIN LIBRARY, KITWE. CBU-MAIN LIBRARY, KITWE.   05/03/2023   TP 155 Cou 020954 05/03/2023 3 05/03/2023 MONOGRAPH
          CBU-MAIN LIBRARY, KITWE. CBU-MAIN LIBRARY, KITWE.   05/03/2023   TP 155 Cou 020959 05/03/2023 4 05/03/2023 MONOGRAPH